Statistiques concernant Meilleur classement tennis en fin d'année des français

Cliquez ici pour prendre le quiz!

Statistiques générales

  • Ce quiz a été pris 70 fois
  • Le résultat moyen est 11 sur 22

Statistiques - réponses

ClassementAnnéeJoueur% Correct
72016Gaël Monfils
98%
62008 & 2011Jo-Wilfried Tsonga
98%
41986Yannick Noah
95%
82007Richard Gasquet
91%
72008Gilles Simon
82%
192015Benoit Paire
70%
152016Lucas Pouille
65%
282017Adrian Mannarino
61%
61986Henri Leconte
61%
71991Guy Forget
56%
172001Arnaud Clément
45%
62001Sébastien Grosjean
45%
101993Cédric Pioline
42%
292014Jérémy Chardy
41%
222001Fabrice Santoro
39%
232010Michaël Llodra
35%
252014Julien Benneteau
30%
252009Paul-Henri Mathieu
27%
272001Nicolas Escudé
17%
141995Arnaud Boetsch
15%
201986Thierry Tulasne
12%
201974François Jauffret
3%

Distribution des résultats

Percentile par nombre de réponses

% des personnes avec chaque résultat

Votre développement - résultats

Vous n’avez pas pris ce quiz